000 01075nam a2200277 a 4500
001 BRCA_7062
005 20190320205710.0
008 031211s2010----mx-a######---#000-0#spa-#
020 _a9786074161960
041 _aspa
050 4 _bC37 2010
100 1 _aCarreño Velázquez, Elvia
_917554
245 1 0 _aEste amoroso tormento, el libro y la mujer novohispana
_cbajo la coordinación de Elvia Carreño Velázquez y la colaboración de Verónica De León Ham, Adriana De León Ham y Miguel Ángel Romero Cora.
260 _aMéxico
_bApoyo al Desarrollo de Archivos y Bibliotecas de México
_c2010
300 _a594 p.
_bil. (algunas a color)
_c29 cm.
500 _aIncluye apéndices
504 _aIncluye referencias bibliográficas
504 _aBibliografía: p. 591-594
650 1 4 _aMujeres
_xHistoria
_zNueva España
_917555
650 1 4 _aBibliotecas
_xHistoria
_99066
650 1 4 _aLibro
_xHistoria
_95746
700 1 _aLeón Ham, Verónica de
_917556
700 1 _aLeón Ham, Adriana de
_917557
700 1 _aRomero Cora, Miguel Ángel
_917558
942 _2lcc
_cB
999 _c6743
_d6743